[Event "10th Reykjavik op"]
[Site "Reykjavik ISL"]
[Date "1982.02.09"]
[Round "1"]
[White "Byrne, Robert"]
[Black "Angantysson, Haukur"]
[Result "1/2-1/2"]
[WhiteElo "2515"]
[BlackElo "2400"]
[EventDate "1982.02.09"]
[PlyCount "100"]

1.e4 e5 2.Nf3 Nc6 3.Bb5 a6 4.Ba4 Nf6 5.O-O Be7 6.Re1 b5 7.Bb3 O-O 8.c3 d5 
9.exd5 Nxd5 10.Nxe5 Nxe5 11.Rxe5 c6 12.d3 Bd6 13.Re1 Bf5 14.Nd2 Bxd3 15.
Nf3 Bg6 16.Bg5 Qd7 17.Ne5 Bxe5 18.Rxe5 Rfe8 19.Rxe8+ Rxe8 20.Qd2 h6 21.Bf4
Rd8 22.Rd1 Bf5 23.Bg3 Bg4 24.f3 Be6 25.c4 bxc4 26.Bxc4 Ne3 27.Qxd7 Bxd7 
28.Bc7 Nxd1 29.Bxd8 Be6 30.Bxa6 Bxa2 31.b4 Nc3 32.Bb6 Nb5 33.Kf2 f6 34.Bc8
Kf7 35.Bd7 Bd5 36.Bc5 Nc7 37.Ke3 Ne6 38.Bd6 Nd8 39.Bc8 h5 40.g3 g6 41.f4 
Ke8 42.f5 g5 43.Kd4 Nf7 44.Bc7 Bf3 45.h4 Ke7 46.Kc5 Nh6 47.Bd6+ Kd8 48.Be6
gxh4 49.gxh4 Be4 50.Bf4 Nxf5 1/2-1/2

[Event "10th Reykjavik op"]
[Site "Reykjavik ISL"]
[Date "1982.02.09"]
[Round "1"]
[White "Kaiszauri, Konstanty"]
[Black "Ivanovic, Bozidar"]
[Result "1/2-1/2"]
[WhiteElo "2395"]
[BlackElo "2485"]
[EventDate "1982.02.09"]
[PlyCount "160"]

1.c4 d6 2.Nc3 e5 3.g3 g6 4.Bg2 Bg7 5.d3 Nh6 6.Nf3 O-O 7.h4 f6 8.e4 Nd7 9.
O-O c6 10.d4 Ng4 11.b3 f5 12.exf5 gxf5 13.dxe5 dxe5 14.Ba3 Re8 15.Ng5 Ndf6
16.Qxd8 Rxd8 17.Rad1 Re8 18.Rfe1 h6 19.f3 hxg5 20.hxg5 Nh6 21.gxh6 Bxh6 
22.Bd6 e4 23.fxe4 Bg7 24.c5 fxe4 25.Nxe4 Bg4 26.Rc1 Nxe4 27.Rxe4 Rxe4 28.
Bxe4 Re8 29.Re1 Re6 30.Kg2 a5 31.a3 Bd4 32.b4 a4 33.b5 Kg7 34.bxc6 bxc6 
35.Bf4 Bxc5 36.Rc1 Bxa3 37.Rc4 Bd1 38.Bxc6 Bb3 39.Rxa4 Bc5 40.Ra6 Bc4 41.
Bb5 Re2+ 42.Kf3 Bxb5 43.Ra5 Rf2+ 44.Ke4 Bc6+ 45.Kf5 Bd4 46.Ra6 Bb5 47.Rd6 
Bc5 48.Rd5 Rc2 49.Be3 Bxe3 50.Rxb5 Rf2+ 51.Ke4 Bh6 52.Rb6 Bg5 53.Ra6 Rf1 
54.Rb6 Bf6 55.Rb5 Kg6 56.Ra5 Bg5 57.Ra4 Kh5 58.Ke5 Bf6+ 59.Ke6 Kg5 60.Re4 
Ra1 61.g4 Bc3 62.Rc4 Bd2 63.Rc2 Rd1 64.Rc4 Bf4 65.Rc5+ Kxg4 66.Rd5 Re1+ 
67.Kd7 Be5 68.Ke6 Bg3+ 69.Kd7 Kf4 70.Rd3 Rg1 71.Rd2 Kf5 72.Kc6 Be5 73.Kd5 
Rg8 74.Rf2+ Bf4 75.Rf1 Rd8+ 76.Kc5 Ke4 77.Re1+ Be3+ 78.Kc6 Rb8 79.Kc7 Rb2 
80.Kd6 Rb6+ 1/2-1/2

[Event "10th Reykjavik op"]
[Site "Reykjavik ISL"]
[Date "1982.02.09"]
[Round "1"]
[White "Frey Beckman, Kenneth"]
[Black "Bischoff, Klaus"]
[Result "1/2-1/2"]
[WhiteElo "2480"]
[BlackElo "2385"]
[EventDate "1982.02.09"]
[PlyCount "157"]

1.Nf3 g6 2.c4 Bg7 3.d4 d6 4.Nc3 Bg4 5.e3 Nc6 6.Be2 e5 7.d5 Nce7 8.e4 Bxf3 
9.Bxf3 Bh6 10.Bxh6 Nxh6 11.h4 Kf8 12.Qd2 Kg7 13.g4 f6 14.g5 fxg5 15.hxg5 
Nf7 16.O-O-O Nc8 17.Rdg1 Nb6 18.Be2 Qe7 19.Nd1 Rag8 20.Ne3 Kf8 21.Ng4 Qxg5
22.Qxg5 Nxg5 23.Nf6 h6 24.f3 Kg7 25.Nxg8 Rxg8 26.Kd2 Nd7 27.b4 a5 28.a3 
Ra8 29.Rc1 b6 30.Rc3 Nh7 31.Bf1 Nhf6 32.Bh3 h5 33.Ke3 Kh6 34.Be6 Ra7 35.
Rg1 Ra8 36.Rg2 g5 37.Bf5 Ra7 38.Rg1 h4 39.Kf2 axb4 40.axb4 Ra2+ 41.Ke3 Rb2
42.Ra1 Nh5 43.Rac1 Ndf6 44.c5 Nf4 45.R1c2 Rxb4 46.cxd6 cxd6 47.Rc6 Rb3+ 
48.Kd2 g4 49.Rxd6 Kg5 50.Rc7 Ne8 51.Kc2 Rxf3 52.Rxb6 Nxc7 53.d6 Nce6 54.d7
Nd8 55.Rb8 Nfe6 56.Bxe6 Nxe6 57.Rg8+ Kf6 58.Re8 Nd8 59.Rxd8 Ke7 60.Rh8 
Kxd7 61.Rxh4 g3 62.Rg4 Kd6 63.Kd2 Kc5 64.Ke2 Ra3 65.Kf1 Kd4 66.Kg2 Re3 67.
Kf1 Kd3 68.Kg2 Kd4 69.Kf1 Rb3 70.Kg2 Rc3 71.Kf1 Re3 72.Kg2 Kd3 73.Kf1 Rxe4
74.Rxg3+ Kd2 75.Ra3 Rf4+ 76.Kg2 Rd4 77.Ra5 e4 78.Kf2 e3+ 79.Kf3 1/2-1/2

[Event "10th Reykjavik op"]
[Site "Reykjavik ISL"]
[Date "1982.02.09"]
[Round "1"]
[White "Solmundarson, Magnus"]
[Black "Mednis, Edmar"]
[Result "1/2-1/2"]
[WhiteElo "2380"]
[BlackElo "2470"]
[EventDate "1982.02.09"]
[PlyCount "106"]

1.c4 Nf6 2.Nc3 e6 3.d4 Bb4 4.e3 c5 5.Ne2 cxd4 6.exd4 O-O 7.a3 Be7 8.Ng3 d5
9.c5 b6 10.b4 a5 11.Bb2 bxc5 12.bxc5 Nc6 13.Bb5 Bd7 14.O-O Rb8 15.a4 Ne8 
16.Qd2 Nc7 17.Bxc6 Bxc6 18.Nce2 Qd7 19.Bc3 Bxa4 20.Bxa5 Bb5 21.Rfb1 Na6 
22.Bb6 Rb7 23.Ra5 Bxe2 24.Nxe2 Nb8 25.Rba1 Nc6 26.Ra6 Rc8 27.Nc3 Rbb8 28.
Nb5 Qb7 29.Na7 Ra8 30.g3 Bf6 31.R1a4 Nxa7 32.Rxa7 Rxa7 33.Rxa7 Qc6 34.Qf4 
h6 35.Bc7 Qb5 36.Be5 Qb1+ 37.Kg2 Bxe5 38.Qxf7+ Kh7 39.Qxe6 Bb8 40.Rxg7+ 
Kxg7 41.Qxc8 Qe4+ 42.Kh3 h5 43.Qxb8 Qg4+ 44.Kg2 Qe4+ 45.f3 Qe2+ 46.Kh3 
Qe6+ 47.g4 hxg4+ 48.Kg3 Qe1+ 49.Kxg4 Qe6+ 50.Kf4 Qh6+ 51.Ke5 Qh5+ 52.Ke6 
Qf7+ 53.Ke5 Qh5+ 1/2-1/2

[Event "10th Reykjavik op"]
[Site "Reykjavik ISL"]
[Date "1982.02.09"]
[Round "1"]
[White "Kuligowski, Adam"]
[Black "Jonsson, Johannes Gisli"]
[Result "1-0"]
[WhiteElo "2465"]
[BlackElo "2315"]
[EventDate "1982.02.09"]
[PlyCount "59"]

1.d4 Nf6 2.c4 g6 3.Nc3 Bg7 4.e4 d6 5.f3 O-O 6.Bg5 c5 7.d5 e6 8.Nge2 exd5 
9.cxd5 a6 10.a4 Nbd7 11.Ng3 Re8 12.Be2 Qc7 13.O-O c4 14.Be3 b6 15.Qd2 Rb8 
16.Rfc1 b5 17.axb5 axb5 18.b4 cxb3 19.Nxb5 Qd8 20.Rab1 Ne5 21.Rxb3 Ba6 22.
Rcb1 Qd7 23.Qa2 Ra8 24.Ra3 Bb7 25.Ra7 Bf8 26.h3 Rxa7 27.Qxa7 Ra8 28.Qb6 
Ra6 29.Qd4 Qd8 30.Na7 1-0

[Event "10th Reykjavik op"]
[Site "Reykjavik ISL"]
[Date "1982.02.09"]
[Round "1"]
[White "Kogan, Boris"]
[Black "Gruenberg, Rainer"]
[Result "1/2-1/2"]
[WhiteElo "2455"]
[BlackElo "2310"]
[EventDate "1982.02.09"]
[PlyCount "68"]

1.d4 Nf6 2.c4 g6 3.Nc3 d5 4.Bf4 Bg7 5.e3 c6 6.Nf3 O-O 7.Be2 Nbd7 8.h3 Ne4 
9.cxd5 Nxc3 10.bxc3 cxd5 11.O-O b6 12.a4 Nb8 13.a5 Nc6 14.axb6 Qxb6 15.Qa4
Bd7 16.Rfb1 Nxd4 17.Qxd7 Nxe2+ 18.Kf1 Rad8 19.Qxe7 Qc6 20.Kxe2 Qc4+ 21.Ke1
Rfe8 22.Qc7 Bxc3+ 23.Nd2 Qd3 24.Rd1 a5 25.f3 Rc8 26.Qd7 Bxa1 27.Rxa1 Qd4 
28.Ra4 Rxe3+ 29.Kd1 Rc1+ 30.Kxc1 Rc3+ 31.Kd1 Qg1+ 32.Ke2 Qxg2+ 33.Kd1 Qg1+
34.Ke2 Qg2+ 1/2-1/2

[Event "10th Reykjavik op"]
[Site "Reykjavik ISL"]
[Date "1982.02.09"]
[Round "1"]
[White "Savage, Allan George"]
[Black "Sahovic, Dragutin"]
[Result "0-1"]
[WhiteElo "2310"]
[BlackElo "2450"]
[EventDate "1982.02.09"]
[PlyCount "46"]

1.d4 b5 2.e4 Bb7 3.Bd3 e6 4.Nf3 c5 5.c3 a6 6.O-O Be7 7.Qe2 Nf6 8.Re1 Nc6 
9.Nbd2 cxd4 10.cxd4 Nb4 11.Bb1 Rc8 12.e5 Nfd5 13.Ne4 Qc7 14.Bg5 f6 15.exf6
gxf6 16.Nh4 fxg5 17.Qh5+ Kd8 18.Nxg5 Qf4 19.Nf7+ Kc7 20.Nxh8 Qxh4 21.Qxh4 
Bxh4 22.Rc1+ Nc6 23.Nf7 Rf8 0-1

[Event "10th Reykjavik op"]
[Site "Reykjavik ISL"]
[Date "1982.02.09"]
[Round "1"]
[White "Kraehenbuehl, Gerhard"]
[Black "Arnason, Jon"]
[Result "1/2-1/2"]
[WhiteElo "2305"]
[BlackElo "2445"]
[EventDate "1982.02.09"]
[PlyCount "92"]

1.c4 e5 2.Nc3 Nf6 3.Nf3 Nc6 4.g3 d5 5.cxd5 Nxd5 6.Bg2 Nb6 7.O-O Be7 8.a3 
f5 9.d3 O-O 10.b4 Be6 11.Bb2 Bf6 12.Nd2 Nd5 13.Rc1 Nce7 14.Nxd5 Bxd5 15.
Bxd5+ Nxd5 16.Qb3 Kh8 17.Rc5 c6 18.e4 Ne7 19.Nf3 b6 20.Rc2 Qd6 21.Re1 f4 
22.d4 Ng6 23.dxe5 Bxe5 24.Nxe5 Nxe5 25.Bxe5 Qxe5 26.Rxc6 Rae8 27.Qc3 Qh5 
28.Rc7 Rf6 29.e5 Rh6 30.h4 Rg6 31.Rc8 Re6 32.Rxe8+ Qxe8 33.Re4 fxg3 34.
fxg3 h6 35.Qe3 Kh7 36.Qf4 Qc6 37.Qf5+ Kg8 38.Rf4 Qc1+ 39.Rf1 Qe3+ 40.Kh2 
Qxe5 41.Qf7+ Kh7 42.Rf5 Qb2+ 43.Rf2 Qe5 44.Qxa7 Rg6 45.Rg2 Rxg3 46.Rxg3 
Qe2+ 1/2-1/2

[Event "10th Reykjavik op"]
[Site "Reykjavik ISL"]
[Date "1982.02.09"]
[Round "1"]
[White "Sigurjonsson, Gudmundur"]
[Black "Josteinsson, Leifur"]
[Result "1/2-1/2"]
[WhiteElo "2435"]
[BlackElo "2300"]
[EventDate "1982.02.09"]
[PlyCount "71"]

1.e4 c5 2.Nf3 a6 3.Be2 e6 4.O-O Nc6 5.d4 cxd4 6.Nxd4 Qc7 7.Nc3 Bd6 8.g3 
Qb8 9.Be3 Nge7 10.Qd2 b6 11.Rad1 Bc7 12.f4 O-O 13.Bf3 Bb7 14.Nb3 d6 15.Qf2
Qd8 16.Na4 Nc8 17.e5 d5 18.c4 N6e7 19.Nc3 b5 20.cxd5 exd5 21.Bc5 Bb6 22.
Rd3 Bxc5 23.Nxc5 Bc6 24.Rfd1 Nb6 25.b4 a5 26.bxa5 Rxa5 27.Nb3 Ra6 28.Nd4 
Qa8 29.Nxc6 Qxc6 30.Nxd5 Nbxd5 31.Bxd5 Nxd5 32.Rxd5 Qc4 33.R1d2 Rxa2 34.
Rxa2 Qxd5 35.Rd2 Qe4 36.Rd4 1/2-1/2

[Event "10th Reykjavik op"]
[Site "Reykjavik ISL"]
[Date "1982.02.09"]
[Round "1"]
[White "Bjarnason, Saevar"]
[Black "Schneider, Lars-Ake"]
[Result "0-1"]
[WhiteElo "2290"]
[BlackElo "2435"]
[EventDate "1982.02.09"]
[PlyCount "88"]

1.g3 e5 2.Bg2 d5 3.d3 Nf6 4.Nf3 Nc6 5.O-O h6 6.c4 dxc4 7.Qa4 Bd6 8.Qxc4 
O-O 9.a3 Be6 10.Qc2 Qd7 11.Nbd2 a5 12.b3 Bh3 13.Bb2 Rfe8 14.e3 Rad8 15.
Rfd1 Bxg2 16.Kxg2 Nh7 17.Nc4 Ng5 18.Nxg5 hxg5 19.d4 exd4 20.Nxd6 Qxd6 21.
Bxd4 Qd5+ 22.Kg1 Ne5 23.Bxe5 Qxe5 24.Rac1 c6 25.Rd2 Rd6 26.Rxd6 Qxd6 27.
Qc5 Qd2 28.b4 Rd8 29.Qc3 a4 30.Qxd2 Rxd2 31.Rc5 Rd3 32.b5 cxb5 33.Rxb5 Rb3
34.Rxg5 Rxa3 35.Kf1 Rb3 36.Ra5 a3 37.Ke1 b5 38.Kd2 b4 39.Ra8+ Kh7 40.Kc1 
Rb2 41.Rb8 b3 42.Ra8 Rc2+ 43.Kb1 a2+ 44.Ka1 Rxf2 0-1

[Event "10th Reykjavik op"]
[Site "Reykjavik ISL"]
[Date "1982.02.09"]
[Round "1"]
[White "Wedberg, Tom"]
[Black "Briem, Stefan"]
[Result "1/2-1/2"]
[WhiteElo "2435"]
[BlackElo "2290"]
[EventDate "1982.02.09"]
[PlyCount "132"]

1.e4 e5 2.Nf3 Nc6 3.Bb5 f5 4.Nc3 Nd4 5.exf5 c6 6.Be2 Qf6 7.Nxd4 exd4 8.Ne4
Qxf5 9.Ng3 Qf7 10.O-O d5 11.Re1 Kd8 12.Bg4 d3 13.cxd3 Bc5 14.Qf3 Qxf3 15.
Bxf3 Nh6 16.b3 Bd4 17.Rb1 Bg4 18.Bb2 Bxb2 19.Bxg4 Bd4 20.Bf3 Kd7 21.Ne2 
Bf6 22.g3 Rhe8 23.Bg2 Re7 24.h4 Rae8 25.Kf1 Kd6 26.Bh3 Nf7 27.f4 g6 28.Ng1
Rxe1+ 29.Rxe1 Rxe1+ 30.Kxe1 Kc5 31.Kd1 Nd6 32.Nf3 a5 33.g4 Nb5 34.g5 Bg7 
35.Be6 Nd4 36.Nxd4 Kxd4 37.Bg8 h6 38.Ke2 hxg5 39.hxg5 Bf8 40.Bf7 Bd6 41.
Kf3 Kxd3 42.Bxg6+ Kxd2 43.f5 Kd3 44.f6+ Kd4 45.Bf5 Ke5 46.Bc8 c5 47.Bxb7 
Kf5 48.Bxd5 Kxg5 49.f7 Kf5 50.Ke3 Ke5 51.Bc4 Bf8 52.Bb5 Bg7 53.Kd3 Ke6 54.
Be8 Kd5 55.Bd7 Bf8 56.Bg4 Bg7 57.Bh5 Bh6 58.Bg6 Bg7 59.Bh7 Bh6 60.Bg8 Bf8 
61.Kc3 Bg7+ 62.Kd3 Bf8 63.a4 c4+ 64.bxc4+ Ke5 65.Ke3 Bc5+ 66.Kf3 Bf8 
1/2-1/2

[Event "10th Reykjavik op"]
[Site "Reykjavik ISL"]
[Date "1982.02.09"]
[Round "1"]
[White "Karlsson, Hilmar"]
[Black "Helmers, Knut"]
[Result "0-1"]
[WhiteElo "2260"]
[BlackElo "2430"]
[EventDate "1982.02.09"]
[PlyCount "40"]

1.e4 c5 2.c3 e6 3.d4 d5 4.e5 Nc6 5.Nf3 Qb6 6.Be2 Nh6 7.Bxh6 gxh6 8.b3 cxd4
9.cxd4 f6 10.exf6 Bb4+ 11.Kf1 O-O 12.a3 Bd6 13.Nc3 Qd8 14.Bb5 Qxf6 15.Bxc6
bxc6 16.Qd3 Kh8 17.h4 e5 18.dxe5 Bxe5 19.Rc1 Bf5 20.Qe3 Bf4 0-1

[Event "10th Reykjavik op"]
[Site "Reykjavik ISL"]
[Date "1982.02.09"]
[Round "1"]
[White "Olafsson, Helgi"]
[Black "Fridjonsson, Joffus"]
[Result "1-0"]
[WhiteElo "2430"]
[BlackElo "2260"]
[EventDate "1982.02.09"]
[PlyCount "51"]

1.Nf3 f5 2.g3 b6 3.Bg2 Bb7 4.d4 Nf6 5.O-O e6 6.c4 Be7 7.d5 O-O 8.Nd4 c5 9.
Nb5 Qc8 10.Bf4 Ne8 11.e4 fxe4 12.Bxe4 a6 13.N5c3 b5 14.Re1 Nf6 15.Bg2 Re8 
16.Nd2 exd5 17.Nxd5 Bxd5 18.cxd5 d6 19.Ne4 Nxe4 20.Bxe4 Nd7 21.Bf5 Qc7 22.
Be6+ Kh8 23.Bf7 Ne5 24.Bxe8 Rxe8 25.Bxe5 dxe5 26.Qh5 1-0

[Event "10th Reykjavik op"]
[Site "Reykjavik ISL"]
[Date "1982.02.09"]
[Round "1"]
[White "Hoei, Carsten"]
[Black "Hansson, Dan"]
[Result "1/2-1/2"]
[WhiteElo "2425"]
[BlackElo "2260"]
[EventDate "1982.02.09"]
[PlyCount "57"]

1.d4 Nf6 2.c4 e6 3.Nc3 Bb4 4.e3 O-O 5.Bd3 d5 6.a3 Bxc3+ 7.bxc3 c5 8.cxd5 
exd5 9.Ne2 Nc6 10.O-O b6 11.Ng3 Be6 12.Bb2 Qd7 13.f3 Ne8 14.Qe1 Nd6 15.Rd1
cxd4 16.cxd4 Na5 17.Nh5 Nac4 18.Bc1 f5 19.Qg3 Rae8 20.h4 Re7 21.Nf4 Bf7 
22.Rde1 Rfe8 23.Qf2 b5 24.Bb1 a5 25.Nd3 b4 26.axb4 axb4 27.Nc5 Qc6 28.e4 
Nb5 29.Bg5 1/2-1/2

[Event "10th Reykjavik op"]
[Site "Reykjavik ISL"]
[Date "1982.02.09"]
[Round "1"]
[White "Westerinen, Heikki"]
[Black "Erlingsson, Jonas Petur"]
[Result "1-0"]
[WhiteElo "2440"]
[BlackElo "2225"]
[EventDate "1982.02.09"]
[PlyCount "81"]

1.e4 c6 2.d4 d5 3.Nd2 dxe4 4.Nxe4 Nd7 5.Bc4 Ngf6 6.Ng5 e6 7.Qe2 Nb6 8.Bd3 
h6 9.N5f3 c5 10.dxc5 Bxc5 11.Ne5 Nbd7 12.f4 a6 13.Bd2 Qc7 14.O-O-O b5 15.
Ngf3 Bb7 16.Rhe1 Bd5 17.Kb1 Nb6 18.g4 b4 19.g5 hxg5 20.fxg5 Nfd7 21.Nxd7 
Qxd7 22.Ne5 Qc7 23.Rf1 Rf8 24.Nc4 Na4 25.Be4 O-O-O 26.Bf4 Qb7 27.Bxd5 Rxd5
28.Rxd5 exd5 29.Na5 Qb6 30.Nb3 Qe6 31.Qd2 Bd6 32.Nd4 Qd7 33.Bxd6 Qxd6 34.
Nf5 Qc5 35.Qd3 Kb7 36.Nxg7 Nb6 37.b3 Qe7 38.h4 a5 39.Nf5 Qd8 40.Qb5 Re8 
41.Qxe8 1-0

[Event "10th Reykjavik op"]
[Site "Reykjavik ISL"]
[Date "1982.02.09"]
[Round "1"]
[White "Jonasson, Benedikt"]
[Black "Hjartarson, Johann"]
[Result "0-1"]
[WhiteElo "2240"]
[BlackElo "2425"]
[EventDate "1982.02.09"]
[PlyCount "136"]

1.e4 e5 2.Nf3 Nc6 3.Bb5 a6 4.Ba4 Nf6 5.d3 d6 6.Nbd2 Bd7 7.c3 g6 8.Nf1 Bg7 
9.Ng3 O-O 10.O-O Qe7 11.h3 h6 12.Nh2 d5 13.Bb3 dxe4 14.dxe4 Na5 15.Qe2 Bb5
16.c4 Bd7 17.Be3 c5 18.Qd2 Nxb3 19.axb3 h5 20.Bh6 Bxh6 21.Qxh6 Nh7 22.Nf3 
Bc6 23.h4 Qf6 24.Qe3 Qe7 25.Rad1 Rfd8 26.Rfe1 Nf8 27.Ne2 f6 28.Nc3 Ne6 29.
Rxd8+ Rxd8 30.Nd5 Qf8 31.Nh2 Kg7 32.f4 exf4 33.Nxf4 Nxf4 34.Qxf4 Qd6 35.e5
Qd4+ 36.Qxd4 Rxd4 37.exf6+ Kxf6 38.Rf1+ Ke6 39.Nf3 Bxf3 40.Rxf3 Rxh4 41.
Rf8 Kd7 42.Rf7+ Kc8 43.Rg7 Rg4 44.Kf2 h4 45.Rf7 Rd4 46.Ke2 Rg4 47.Kf2 a5 
48.Re7 b6 49.Rf7 Kb8 50.Re7 g5 51.Kf3 Rg3+ 52.Ke4 Rxg2 53.Kd5 Rf2 54.Rg7 
Rf6 55.Rxg5 Rh6 56.Rg2 h3 57.Rh2 Kb7 58.Ke4 b5 59.Kd3 Kb6 60.Kc3 Rh4 61.
Kd3 bxc4+ 62.bxc4 a4 63.b3 a3 64.Kc2 Ka5 65.Kb1 Kb4 66.Ka2 Rh6 67.Kb1 Kxb3
68.Rb2+ Kxc4 0-1

[Event "10th Reykjavik op"]
[Site "Reykjavik ISL"]
[Date "1982.02.09"]
[Round "1"]
[White "Arnason, Asgeir Thor"]
[Black "Burger, Karl"]
[Result "1/2-1/2"]
[WhiteElo "2240"]
[BlackElo "2420"]
[EventDate "1982.02.09"]
[PlyCount "53"]

1.c3 Nf6 2.d4 e6 3.Bf4 b6 4.e3 Bb7 5.Nd2 Be7 6.Ngf3 d6 7.h3 O-O 8.Bd3 c5 
9.Qc2 Nc6 10.Ne4 Nd5 11.Neg5 g6 12.h4 e5 13.dxe5 dxe5 14.O-O-O exf4 15.Bc4
Na5 16.Bxd5 Bxd5 17.e4 Bxa2 18.Rxd8 Raxd8 19.Nd2 c4 20.Qa4 Nb3+ 21.Nxb3 
Bxb3 22.Qb5 Bxg5 23.Qxg5 f3 24.h5 fxg2 25.Qxg2 Rd7 26.hxg6 fxg6 27.Qg4 
1/2-1/2

[Event "10th Reykjavik op"]
[Site "Reykjavik ISL"]
[Date "1982.02.09"]
[Round "1"]
[White "Petursson, Margeir"]
[Black "Sigurjonsson, Johann Oern"]
[Result "1-0"]
[WhiteElo "2415"]
[BlackElo "2240"]
[EventDate "1982.02.09"]
[PlyCount "56"]

1.Nf3 Nf6 2.d4 d5 3.c4 dxc4 4.Nc3 a6 5.e4 b5 6.e5 Nd5 7.Ng5 e6 8.Qh5 g6 9.
Qf3 f5 10.exf6 Qxf6 11.Nxd5 Qxf3 12.Nxc7+ Kd7 13.gxf3 Bb4+ 14.Ke2 Kxc7 15.
Bf4+ Kb6 16.Bh3 h6 17.Nxe6 Nc6 18.Be3 Ne7 19.d5+ Kb7 20.Rad1 Bd6 21.Rhg1 
g5 22.Bg4 Re8 23.h4 gxh4 24.f4 h3 25.Bxh3 Bd7 26.Rg7 Rg8 27.Rxe7 Bxe7 28.
d6 Bxe6 1-0

[Event "10th Reykjavik op"]
[Site "Reykjavik ISL"]
[Date "1982.02.09"]
[Round "1"]
[White "Forintos, Gyozo"]
[Black "Jonsson, Johann Thorir"]
[Result "1-0"]
[WhiteElo "2410"]
[BlackElo "2200"]
[EventDate "1982.02.09"]
[PlyCount "63"]

1.c4 c5 2.Nf3 Nf6 3.Nc3 Nc6 4.d4 cxd4 5.Nxd4 Nxd4 6.Qxd4 g6 7.e4 d6 8.Bg5 
Bg7 9.Be2 Qa5 10.Qd2 Be6 11.Rc1 Rc8 12.b3 b5 13.e5 Nd7 14.Nxb5 Qxd2+ 15.
Bxd2 Bxe5 16.Be3 Nc5 17.b4 a6 18.Nd4 Na4 19.Nxe6 fxe6 20.c5 dxc5 21.Bxa6 
Rb8 22.bxc5 Bc3+ 23.Ke2 Rb2+ 24.Kd3 Be5 25.Rc4 Nc3 26.Rxc3 Bxc3 27.Kxc3 
Rxa2 28.Bc4 Ra3+ 29.Kb4 Ra8 30.Bxe6 Rf8 31.c6 Rf6 32.Bd7+ 1-0

[Event "10th Reykjavik op"]
[Site "Reykjavik ISL"]
[Date "1982.02.10"]
[Round "2"]
[White "Helmers, Knut"]
[Black "Olafsson, Fridrik"]
[Result "1/2-1/2"]
[WhiteElo "2430"]
[BlackElo "2530"]
[EventDate "1982.02.09"]
[PlyCount "65"]

1.Nf3 Nf6 2.c4 g6 3.d4 Bg7 4.g3 d5 5.cxd5 Nxd5 6.Bg2 Nb6 7.O-O Nc6 8.Nc3 
O-O 9.d5 Na5 10.Bf4 c6 11.dxc6 Nxc6 12.Qc1 e5 13.Bh6 Qe7 14.Rd1 f6 15.Bxg7
Kxg7 16.b3 Be6 17.Ne4 Bd5 18.Qe3 Rad8 19.Nc3 Bf7 20.Rac1 Nd5 21.Nxd5 Bxd5 
22.Ne1 Bxg2 23.Kxg2 Rd7 24.Rxd7 Qxd7 25.Nf3 Rd8 26.Rc2 Qd1 27.Rd2 Rxd2 28.
Qxd2 Qxd2 29.Nxd2 Nb4 30.a4 Kf7 31.Kf3 Ke6 32.Ke3 Kd5 33.Ne4 1/2-1/2

[Event "10th Reykjavik op"]
[Site "Reykjavik ISL"]
[Date "1982.02.10"]
[Round "2"]
[White "Sahovic, Dragutin"]
[Black "Petursson, Margeir"]
[Result "1/2-1/2"]
[WhiteElo "2450"]
[BlackElo "2415"]
[EventDate "1982.02.09"]
[PlyCount "114"]

1.d4 d5 2.Nf3 Nf6 3.Bf4 Bf5 4.c4 e6 5.Nc3 c6 6.Qb3 Qc8 7.Rc1 dxc4 8.Qxc4 
Qd8 9.a3 Nbd7 10.e3 Be7 11.h3 O-O 12.Be2 Ne4 13.O-O Ndf6 14.Nxe4 Bxe4 15.
Nd2 Bg6 16.Rfd1 Bd6 17.Bg5 Be7 18.Bf3 Nd5 19.Bxe7 Qxe7 20.Qb3 f6 21.Nc4 
Bf7 22.e4 Nf4 23.e5 fxe5 24.Nxe5 Qg5 25.Kh2 Bh5 26.Rg1 Bxf3 27.Nxf3 Qd5 
28.Qe3 Rf6 29.Rc5 Qd6 30.Qe5 Qxe5 31.dxe5 Rff8 32.Rd1 Rad8 33.Rxd8 Rxd8 
34.Rc4 Nd3 35.Rc2 Rd5 36.Re2 h6 37.Kg3 a5 38.b3 b5 39.Re4 Kf7 40.Re2 Nc1 
41.Re3 Rd3 42.Rxd3 Nxd3 43.Nd4 Nxe5 44.Kf4 Nd3+ 45.Ke3 Ne5 46.f4 Nd7 47.
Nxc6 a4 48.bxa4 bxa4 49.Kd4 Kf6 50.g4 g5 51.fxg5+ Kxg5 52.Nd8 Kh4 53.Nxe6 
Kxh3 54.g5 hxg5 55.Nxg5+ Kg4 56.Nf7 Kf5 57.Nd6+ Ke6 1/2-1/2

[Event "10th Reykjavik op"]
[Site "Reykjavik ISL"]
[Date "1982.02.10"]
[Round "2"]
[White "Abramovic, Bosko"]
[Black "Forintos, Gyozo"]
[Result "1/2-1/2"]
[WhiteElo "2445"]
[BlackElo "2410"]
[EventDate "1982.02.09"]
[PlyCount "33"]

1.e4 c5 2.Nf3 Nc6 3.d4 cxd4 4.Nxd4 g6 5.Be2 Bg7 6.Nb3 Nf6 7.Nc3 d6 8.O-O 
O-O 9.Bg5 a6 10.Kh1 b5 11.a3 Ne5 12.Nd2 h6 13.Bh4 g5 14.Bg3 Ng6 15.Re1 Bb7
16.Bd3 Nd7 17.Ne2 1/2-1/2

[Event "10th Reykjavik op"]
[Site "Reykjavik ISL"]
[Date "1982.02.10"]
[Round "2"]
[White "Schneider, Lars-Ake"]
[Black "Bajovic, Milan"]
[Result "1-0"]
[WhiteElo "2435"]
[BlackElo "2345"]
[EventDate "1982.02.09"]
[PlyCount "48"]

1.e4 e6 2.d4 d5 3.Nd2 c5 4.exd5 Qxd5 5.Ngf3 cxd4 6.Bc4 Qd6 7.O-O Nc6 8.Nb3
a6 9.Nbxd4 Nxd4 10.Nxd4 Be7 11.c3 Nf6 12.Qf3 O-O 13.Bb3 Rd8 14.Bg5 Nd5 15.
Bxe7 Nxe7 16.Rad1 Qc7 17.Rd2 Bd7 18.Rfd1 Nc6 19.Qe4 Be8 20.Nxe6 fxe6 21.
Qxe6+ Bf7 22.Rxd8+ Rxd8 23.Rxd8+ Qxd8 24.Qxf7+ Kh8 1-0

[Event "10th Reykjavik op"]
[Site "Reykjavik ISL"]
[Date "1982.02.10"]
[Round "2"]
[White "Josteinsson, Leifur"]
[Black "Westerinen, Heikki"]
[Result "1/2-1/2"]
[WhiteElo "2300"]
[BlackElo "2440"]
[EventDate "1982.02.09"]
[PlyCount "85"]

1.d4 d5 2.c4 c6 3.Nc3 Nf6 4.Nf3 e6 5.Bg5 dxc4 6.e4 b5 7.e5 h6 8.Bh4 g5 9.
Nxg5 hxg5 10.Bxg5 Nbd7 11.Qf3 Bb7 12.exf6 Qb6 13.Be3 O-O-O 14.O-O-O b4 15.
Ne4 c3 16.Bc4 cxb2+ 17.Kxb2 Qa5 18.Bb3 Nb6 19.Rc1 Na4+ 20.Ka1 Nc3 21.Nxc3 
bxc3 22.d5 exd5 23.Bd4 Bb4 24.Bxc3 Bxc3+ 25.Rxc3 Kb8 26.Re3 Qb4 27.Re7 
Rde8 28.Rhe1 Rxe7 29.Rxe7 Bc8 30.Qe3 d4 31.Qg3+ Ka8 32.Qf3 Qc5 33.Kb2 Rxh2
34.Rc7 Bb7 35.Rxf7 Rh1 36.Bc4 Qxc4 37.Rf8+ Bc8 38.Rxc8+ Kb7 39.f7 Qf1 40.
Kb3 Qb1+ 41.Ka3 Qc1+ 42.Kb3 Qb1+ 43.Ka3 1/2-1/2

[Event "10th Reykjavik op"]
[Site "Reykjavik ISL"]
[Date "1982.02.10"]
[Round "2"]
[White "Bischoff, Klaus"]
[Black "Byrne, Robert"]
[Result "0-1"]
[WhiteElo "2385"]
[BlackElo "2515"]
[EventDate "1982.02.09"]
[PlyCount "70"]

1.g3 d5 2.Bg2 Nf6 3.Nf3 Bf5 4.d3 e6 5.O-O h6 6.b3 Be7 7.Bb2 O-O 8.Nbd2 c5 
9.Ne5 Nbd7 10.e4 Bh7 11.Qe2 Nxe5 12.Bxe5 Qa5 13.a4 Rad8 14.Rad1 a6 15.f4 
b5 16.axb5 axb5 17.Ra1 Qb6 18.Kh1 dxe4 19.Nxe4 Nd5 20.Qf2 Rd7 21.Nd2 Rc8 
22.Nf3 Qd8 23.Bb2 Bd6 24.Rfe1 c4 25.dxc4 bxc4 26.Ne5 Bxe5 27.Bxe5 Nb4 28.
Be4 Rd2 29.Bxh7+ Kxh7 30.Re2 Qd5+ 31.Kg1 Rxe2 32.Qxe2 cxb3 33.cxb3 Rc2 34.
Qf1 Nd3 35.b4 Qe4 0-1

[Event "10th Reykjavik op"]
[Site "Reykjavik ISL"]
[Date "1982.02.10"]
[Round "2"]
[White "Angantysson, Haukur"]
[Black "Frey Beckman, Kenneth"]
[Result "1-0"]
[WhiteElo "2400"]
[BlackElo "2480"]
[EventDate "1982.02.09"]
[PlyCount "81"]

1.e4 e5 2.Nf3 Nc6 3.Bb5 Nf6 4.O-O Be7 5.Bxc6 dxc6 6.d3 Nd7 7.b3 O-O 8.Bb2 
f6 9.Nbd2 Nc5 10.d4 exd4 11.Nxd4 Re8 12.Qf3 Ne6 13.Nxe6 Bxe6 14.Rad1 Qc8 
15.h3 a5 16.a4 Rd8 17.Qe2 b6 18.f4 Bc5+ 19.Kh2 Re8 20.g4 Qa6 21.Qg2 Rad8 
22.Nf3 Rxd1 23.Rxd1 Bd6 24.e5 fxe5 25.fxe5 Be7 26.Nd4 Bd5 27.Qd2 Bc5 28.
Nf5 Be6 29.c4 Bf8 30.Nd4 Qa8 31.Qg2 Bd7 32.Ne2 Qd8 33.Nf4 Qe7 34.Qe4 Rd8 
35.Qd4 Qh4 36.e6 Bxe6 37.Qxd8 Qf2+ 38.Ng2 Qxb2 39.Qxc7 Qxb3 40.Rd8 Qxc4 
41.Qe7 1-0

[Event "10th Reykjavik op"]
[Site "Reykjavik ISL"]
[Date "1982.02.10"]
[Round "2"]
[White "Briem, Stefan"]
[Black "Sigurjonsson, Gudmundur"]
[Result "0-1"]
[WhiteElo "2290"]
[BlackElo "2435"]
[EventDate "1982.02.09"]
[PlyCount "91"]

1.e4 c5 2.f4 Nc6 3.Nf3 e6 4.Bb5 Nge7 5.O-O a6 6.Bxc6 Nxc6 7.Qe2 Be7 8.d3 
O-O 9.g4 b5 10.Be3 d5 11.Nbd2 f5 12.gxf5 exf5 13.e5 d4 14.Bf2 Nb4 15.Ne1 
Bb7 16.Ndf3 Rc8 17.a3 Nd5 18.Ng2 Rc6 19.Bg3 Rg6 20.Kf2 Qb6 21.h4 c4 22.h5 
Rh6 23.Rh1 Rc8 24.Rh2 cxd3 25.cxd3 Rhc6 26.Nge1 b4 27.Kg1 b3 28.Rd1 Ne3 
29.Rd2 Rc1 30.Bf2 Bc5 31.Rh3 Qc6 32.Kh2 Ng4+ 33.Kg3 Qd5 34.Nh4 Nxf2 35.
Kxf2 Bf8 36.Rh2 Qe6 37.Nhf3 Rb1 38.Kg3 Qd5 39.Qf2 Rcc1 40.Re2 Bc8 41.Ng2 
Rf1 42.Ne3 dxe3 43.Qxe3 Be6 44.Nd2 Rg1+ 45.Kh3 Bc5 46.Qf3 0-1

[Event "10th Reykjavik op"]
[Site "Reykjavik ISL"]
[Date "1982.02.10"]
[Round "2"]
[White "Mednis, Edmar"]
[Black "Arnason, Asgeir Thor"]
[Result "1/2-1/2"]
[WhiteElo "2470"]
[BlackElo "2240"]
[EventDate "1982.02.09"]
[PlyCount "96"]

1.e4 e5 2.Nf3 Nc6 3.Bb5 a6 4.Ba4 Nf6 5.O-O Be7 6.Re1 b5 7.Bb3 O-O 8.d4 d6 
9.c3 Bg4 10.Be3 exd4 11.cxd4 Na5 12.Bc2 c5 13.dxc5 dxc5 14.Nbd2 Nc6 15.h3 
Bh5 16.Rc1 Nd7 17.Bb1 Bg6 18.b3 Qc7 19.Nf1 Rad8 20.Qe2 Rfe8 21.Bd2 Bf6 22.
a4 Qb7 23.N1h2 Nd4 24.Nxd4 Bxd4 25.Nf3 Bb2 26.Rcd1 bxa4 27.bxa4 Ba3 28.Nh4
Bb4 29.Nxg6 hxg6 30.Bd3 Nb8 31.Bc4 Rd4 32.Bxb4 Rexe4 33.Rxd4 Rxe2 34.Rd8+ 
Kh7 35.Rxe2 Nc6 36.Bd5 Qc7 37.Bxc6 Qxd8 38.Bd2 Qd6 39.Bf3 Qd7 40.Be3 Qxa4 
41.Re1 Qb4 42.Rc1 c4 43.Bd4 Qd2 44.Be3 Qb4 45.Bd4 a5 46.Bc3 Qa3 47.Bd2 Qb2
48.Be3 a4 1/2-1/2